Plantilla Real Sociedad La Liga 24/25 - Estadísticas

Estadísticas generales
  • Esta prueba ha sido intentada 63 veces
  • La puntuación promedio es 21 de 27
Estadísticas de respuestas
Imagen Hint Respuesta % Correcto
1 A. Remiro
100%
2 Odriozola
98%
10 Oyarzabal
96%
14 Take
94%
4 Zubimendi
94%
7 Barrene
92%
23 Brais Méndez
88%
9 Óskarsson
88%
17 Sergio Gómez
86%
18 H. Traoré
84%
19 Jon Mikel Aramburu
84%
5 Zubeldia
84%
11 Becker
82%
Entrenador Imanol Alguacil
82%
6 Aritz
80%
12 Javi López
78%
21 N. Aguerd
78%
24 Luka Sucic
74%
22 Turrientes
72%
3 Aihen
68%
8 Zakharyan
66%
28 Marín
64%
13 Marrero
62%
16 Olasagasti
60%
20 Pacheco
58%
15 G. de Zárate
32%
25 Magunazelaia
24%
No se encontraron pruebas coincidentes
Distribución de puntuación
Porcentaje de gente con cada puntuación
Porcentaje por número respondido
Historial de tus puntuaciones
No has intentado esta prueba.